000 00926nam1a22002771 4500
001 rc\576264
005 20251118181656.3
035 _a(NLR Aleph) 005970730
090 _a6932890
_c6932890
100 _a20251123 rusy50
101 0 _arus
102 _aRU
105 _ay |||||||||
200 1 _aСобрание сочинений
_eВ 4 т.
_fА. Фадеев
_g[Вступ. ст. С. Заики, с. 3-48
_gИл. О.Г. Верейского]
210 _aМ.
_cПравда
_d1987-
215 _d21
225 1 _aБиблиотека "Огонек"
_iОтечественная классика
700 1 _aФадеев
_bА.А.
_f1901-1956
_gАлександр Александрович
801 0 _aRU
_bNLR
_gpsbo
801 1 _aRU
_bELAR
_2rusmarc
852 _aNLR
_j87-3/2715
852 _aNLR
_j80-3/2718
899 _aRuMoRGB
_jB 80-18/139
899 _aRuMoRGB
_jB 80-18/141
942 _cBOOK
980 _aNB